[Event "ROM-ch U12"]
[Site "Calimanesti"]
[Date "2018.04.03"]
[Round "9"]
[White "Rosca, Mario Andrei"]
[Black "Berechet, Eduard Mihai"]
[Result "1-0"]
[WhiteElo "1076"]
[BlackElo "1334"]
[PlyCount "121"]
[EventDate "2018.03.27"]
[EventType "swiss"]
[EventRounds "9"]
[EventCountry "ROU"]
[SourceTitle "CBM 183 Extra"]
[Source "ChessBase"]
[SourceDate "2018.04.19"]
[SourceVersion "1"]
[SourceVersionDate "2018.04.19"]
[SourceQuality "1"]

1. e4 c6 2. d4 d5 3. e5 Bf5 4. Ne2 e6 5. Ng3 Bg6 6. h4 h5 7. Be2 Be7 8. Nxh5 Bxh5 9. Bxh5 Bxh4 10. g3 g6 11. Rxh4 gxh5 12. Rxh5 Rxh5 13. Qxh5 Ne7 14. Bg5 Nd7 15. Qh8+ Nf8 16. Nc3 Qb6 17. Qf6 Nfg6 18. 0-0-0 c5 19. Ne2 Rc8 20. Nf4 Qc7 21. Nh5 cxd4 22. Ng7+ Kd8 23. Rd2 d3 24. Qxf7 Qc6 25. Nxe6+ Kd7 26. Bxe7 Nxe7 27. Nf8+ Kd8 28. Qe6 dxc2 29. Qxc6 Rxc6 30. Rxc2 Rh6 31. e6 Nc6 32. Nd7 Rxe6 33. Nc5 Re7 34. Rd2 d4 35. Kc2 b6 36. Nb3 Nb4+ 37. Kd1 d3 38. Nd4 Rh7 39. Nf3 Ke7 40. a3 Rh1+ 41. Ne1 Nc2 42. Rxd3 Rxe1+ 43. Kxc2 Re2+ 44. Rd2 Re4 45. Kd3 Rg4 46. Re2+ Kd6 47. Re4 Rg5 48. Rd4+ Kc5 49. a4 a6 50. b4+ Kc6 51. Ke3 Rf5 52. f4 Rh5 53. Kf3 Rh1 54. Kg4 Ra1 55. f5 b5 56. a5 Rf1 57. Rf4 Rxf4+ 58. Kxf4 Kd7 59. g4 Ke7 60. Ke5 Kf7 61. Kd6 1-0

[Event "ROM-ch U10"]
[Site "Baile Felix"]
[Date "2017.02.04"]
[Round "3"]
[White "Tanase, Andrei P"]
[Black "Berechet, Eduard Mihai"]
[Result "0-1"]
[WhiteElo "1071"]
[BlackElo "1251"]
[PlyCount "136"]
[EventDate "2017.02.02"]
[EventType "swiss"]
[EventRounds "9"]
[EventCountry "ROU"]
[SourceTitle "CBM 176 Extra"]
[Source "ChessBase"]
[SourceDate "2017.03.02"]
[SourceVersion "1"]
[SourceVersionDate "2017.03.02"]
[SourceQuality "1"]

1. c4 c5 2. Nc3 e6 3. Nf3 a6 4. g3 b6 5. d3 Bb7 6. Bg2 d6 7. 0-0 Nf6 8. Bd2 Nbd7 9. Re1 Be7 10. e3 Qc7 11. h4 Qc6 12. Qe2 Ne5 13. e4 Nxf3+ 14. Bxf3 Qc7 15. a3 0-0-0 16. Kg2 Rhe8 17. Rac1 Nd7 18. Kg1 h6 19. Bg2 g5 20. hxg5 hxg5 21. Bh3 Qc6 22. Kg2 f5 23. f3 Bf6 24. Rh1 Re7 25. b3 Rg8 26. g4 Nf8 27. gxf5 exf5 28. Bxf5+ Kb8 29. Nd5 Rf7 30. Be6 Nxe6 31. Kf2 Bd4+ 32. Kf1 g4 33. Qg2 Nc7 34. Nf4 Be5 35. Ne2 Rff8 36. f4 Ne6 37. f5 Rxf5+ 38. Ke1 Rff8 39. Rh4 Nf4 40. Nxf4 Bxf4 41. Rxg4 Bxd2+ 42. Kxd2 Rxg4 43. Qxg4 d5 44. exd5 Qh6+ 45. Kc2 Rf2+ 46. Kb1 Qd2 47. Qg3+ Ka7 48. Qxf2 Qxf2 49. Rc2 Qf1+ 50. Kb2 Qxd3 51. a4 Bxd5 52. cxd5 Qxd5 53. Rc3 Qd2+ 54. Rc2 Qd4+ 55. Rc3 b5 56. axb5 axb5 57. Kc2 Qf2+ 58. Kd3 Kb6 59. Ke4 Qd4+ 60. Kf5 Qxc3 61. b4 cxb4 62. Ke6 b3 63. Kd6 b2 64. Kd7 b1Q 65. Ke6 Qe4+ 66. Kf7 Qc7+ 67. Kf6 Qee5+ 68. Kg6 Qcg7# 0-1